000 00308nam a2200145Ia 4500
003 OSt
005 20231205071215.0
008 170524s9999 xx 000 0 und d
020 _a9780070585560
040 _cIIMT UNIVERSITY
100 _aBajaj
245 0 _aE - COMMERCE
260 _aTMH
942 _2ddc
_c02
999 _c3013
_d3013